| 000 | 00529nam a22001817a 4500 | ||
|---|---|---|---|
| 005 | 20130814113546.0 | ||
| 010 | _aENG-107793 | ||
| 020 |
_a9789382536116 _c200.00 |
||
| 035 | _aEN-91326 | ||
| 037 | _bDBAD/PUB | ||
| 082 | _aS | ||
| 100 | _aBiswas, Bina | ||
| 245 |
_aBreeze in the old building and other stories / _cby Bina Biswas |
||
| 260 |
_aNew Delhi _bLiFi Publications _c2013 |
||
| 270 |
_a211, 2nd Floor, Gagandeep 12, Rajendra Place _bNew Delhi _e110008 |
||
| 300 |
_axi,220p. _c21cm(pbk) |
||
| 942 |
_2ddc _cEN _mBIS _hS |
||
| 999 |
_c77069 _d77069 |
||